000 00523nam a2200217 a 4500
001 10880
003 CO-ViMGA
008 141112s2004 ck r 000 u spa d
020 _a847423610X
040 _aCO-ViMGA
_bspa
_cCO-ViMGA
082 0 4 _a951 G85b
100 1 _aGumilev, L.N.
_914890
245 1 0 _aLa búsqueda de un reino imaginario
250 _a1
260 _aBarcelona,
_cGrijalbo
300 _a467 p. il.
490 _aDrakontos
500 _aFecha : 1994
650 1 4 _aCHINA - HISTORIA
942 _2ddc
_cBK
999 _c22100
_d22100